Plant Conference (Record no. 8483)

MARC details
000 -LEADER
fixed length control field 00709nam a22001697a 4500
020 ## - INTERNATIONAL STANDARD BOOK NUMBER
ISBN 9964303963
050 ## - CALL NUMBER
Classification number SB599 .
100 ## - AUTHOR
Personal name Asiama, Elias K.
245 ## - TITLE
Title Plant Conference
Statement of responsibility, etc Asiama, Elias K.
260 ## - PUBLICATION INFORMATION
Place of publication University of Ghana, Legon- Accra
Name of publisher Ghana University Press
Year of publication 2013
300 ## - DESCRIPTION
Number of Pages 40p.:
Other physical details ill., colours
Dimensions 20cm.
500 ## - NOTES
General note Includes reference
505 ## - FORMATTED CONTENTS NOTE
Table of Content 1. Mahogany<br/>Nyame Dua<br/>Morinda<br/>African Mint<br/>Plantain<br/>Moringa<br/>Palm tree<br/>Okawuo<br/>Kokoriokoo Oover<br/>Beduru<br/>Nyannya<br/>Esia<br/>Guava \plant<br/>Pear<br/>Cocoa<br/>Neem Tree<br/>Boundary Tree<br/>Maize<br/>Prekese<br/>Kola- nitedea<br/>Teak<br/>Awudifokete<br/>Pineapple<br/>Waterco<br/>Ohunton<br/>Conclusion<br/><br/><br/>
650 ## - SUBJECTS
Topical Term Plant
942 ## - ADDED ENTRY ELEMENTS (KOHA)
Koha item type Books
Holdings
Withdrawn status Lost status Collection code Home library Current library Shelving location Date acquired Source of acquisition Full call number Accession Number Koha item type
    Reference Methodist University Library Wenchi Faculty Methodist University Library Wenchi Faculty General Stacks 02/09/2025 University of Ghana Book Shop (Main) SB599 .As4 9073 Books
    Reference Methodist University Library Wenchi Faculty Methodist University Library Wenchi Faculty General Stacks 02/09/2025 University of Ghana Book Shop (Main) SB599 .As4 9074 Books
Copyright © 2026  MUG Library